"When is a house not a house?" (Record no. 82874)
[ view plain ]
| 000 -LEADER | |
|---|---|
| fixed length control field | 01629cab a22002775a 4500 |
| 001 - CONTROL NUMBER | |
| control field | L151969 |
| 008 - FIXED-LENGTH DATA ELEMENTS--GENERAL INFORMATION | |
| fixed length control field | 110117s2010 xxk 000 0 eng d |
| 035 ## - SYSTEM CONTROL NUMBER | |
| System control number | (Sirsi) u151969 |
| 041 0# - LANGUAGE CODE | |
| Language code of text/sound track or separate title | eng |
| 100 1# - MAIN ENTRY--PERSONAL NAME | |
| Personal name | Reid, Tim |
| 245 01 - TITLE STATEMENT | |
| Title | "When is a house not a house?" |
| 260 ## - PUBLICATION, DISTRIBUTION, ETC. | |
| Date of publication, distribution, etc. | 2010 |
| 490 #0 - SERIES STATEMENT | |
| Series statement | Hogan Lovells Real Estate Quarterly |
| Volume/sequential designation | Winter 2010, 5-7 (3) |
| 520 ## - SUMMARY, ETC. | |
| Summary, etc. | "Day and another v Hosebay Ltd; Howard de Walden Estates Ltd v Lexgorge Ltd" (see L150503) confirmed that companies which hold long leases of former houses can in certain circumstances buy the freehold to those buildings even though they have long since been converted to commercial use. CA affirmed that a building qualifies as a "house" within the meaning of the Leasehold Reform Act 1967 s2 if it is "reasonably so called" and the fact that a building can be reasonably called something other than a house does not preclude it also reasonably being called a house. "Earl Cadogan and another v Panagopoulos and another" [2010] EWCA Civ 1259 is a recent setback to landlords resisting enfranchisement claims. |
| 590 ## - LOCAL NOTE (RLIN) | |
| Local note | KA |
| 650 24 - SUBJECT ADDED ENTRY--TOPICAL TERM | |
| Topical term or geographic name entry element | LEASEHOLD REFORM ACT 1967 S2 |
| 650 24 - SUBJECT ADDED ENTRY--TOPICAL TERM | |
| Topical term or geographic name entry element | LANDLORD AND TENANT ACT 1954 |
| 650 24 - SUBJECT ADDED ENTRY--TOPICAL TERM | |
| Topical term or geographic name entry element | DAY AND ANOTHER V HOSEBAY LTD |
| 650 24 - SUBJECT ADDED ENTRY--TOPICAL TERM | |
| Topical term or geographic name entry element | HOWARD DE WALDEN ESTATES LTD V LEXGORGE LTD |
| 650 24 - SUBJECT ADDED ENTRY--TOPICAL TERM | |
| Topical term or geographic name entry element | LEASEHOLD REFORM, HOUSING AND URBAN DEVELOPMENT ACT 1993 |
| 650 24 - SUBJECT ADDED ENTRY--TOPICAL TERM | |
| Topical term or geographic name entry element | EARL CADOGAN AND ANOTHER V PANAGOPOULOS AND ANOTHER |
| 650 24 - SUBJECT ADDED ENTRY--TOPICAL TERM | |
| Topical term or geographic name entry element | PROSPECT ESTATES LTD V GROSVENOR ESTATES LTD |
| 651 #4 - SUBJECT ADDED ENTRY--GEOGRAPHIC NAME | |
| Geographic name | England and Wales |
| Chronological subdivision | 1543- |
| 690 ## - LOCAL SUBJECT ADDED ENTRY--TOPICAL TERM (OCLC, RLIN) | |
| Topical term or geographic name as entry element | PROPERTY-LANDLORD AND TENANT-LEASES-LEASEHOLD ENFRANCHISEMENT |
| 942 ## - ADDED ENTRY ELEMENTS (KOHA) | |
| Suppress in OPAC | 0 |
| Withdrawn status | Lost status | Source of classification or shelving scheme | Damaged status | Not for loan | Home library | Current library | Shelving location | Date acquired | Total Checkouts | Full call number | Barcode | Date last seen | Copy number | Price effective from | Koha item type |
|---|---|---|---|---|---|---|---|---|---|---|---|---|---|---|---|
| Dewey Decimal Classification | London | London | Journal article | 17/01/2011 | L151969 | 151969-1001 | 06/08/2019 | 1 | 06/08/2019 | Journal article |